00619nam a22001817a 450000500170000001000150001702000260003203500140005803700130007208200110008510000170009624501090011326000500022227000890027230000260036150000240038770000260041120191015105104.0 aENG-126656 a9789353066956c575.00 aEN-110188 bDBAD/PUB a371.35 aDeb, Sibnath aDistance education :cby Sibnath Dev [and] Vimala Veeraraghavanbprospects, challenges and way forward / aNoidabPearson India Education Servicesc2019 a15th Floor, Tower-B, World Trade Tower, Plot No.1bBlock-C, Sector-16, Noidae201301 axvi;292p. c22cm(pbk) aIncludes references aVeeraraghavan, Vimala